Konten und Statistiken des Staates 1970-1994

Guardado en:
Detalles Bibliográficos
Autor Corporativo: Eurostat
Formato: Libro
Lenguaje:alemán
inglés
francés
Publicado: Luxembourg Office for Official Publications of the European Communities 1997
Materias:
Etiquetas: Agregar Etiqueta
Sin Etiquetas, Sea el primero en etiquetar este registro!

MARC

LEADER 00000nam a2200000 4500
001 c123733
005 20240104115048.7
020 |a 92-827-9298-6 
041 0 |a ger 
041 0 |a eng 
041 0 |a fre 
044 |a LU 
245 1 0 |a Konten und Statistiken des Staates 1970-1994 
264 1 |a Luxembourg  |b Office for Official Publications of the European Communities  |c 1997 
300 |a 55 s. 
610 2 0 |a štatistika 
610 2 0 |a Európska únia 
710 2 |a Eurostat